| 000 | 00557nam a22001937a 4500 | ||
|---|---|---|---|
| 005 | 20140702113604.0 | ||
| 010 | _aENG-109764 | ||
| 020 |
_a9788173816789 _c385.00 |
||
| 035 | _aEN-93297 | ||
| 037 | _bDBAD/PUB | ||
| 082 | _a615.19 | ||
| 100 | _aHajare, Ashok | ||
| 245 | 0 | 0 |
_aPhysical pharmacy / _cby Ashok Hajare |
| 260 |
_aKolkata _bNew Central Book Agency _c2013(repr.) |
||
| 270 |
_a8/1 Chintamoni Das Lane _bKolkata _e700009 |
||
| 300 |
_aix,630p. : _c24cm(pbk) _bill. |
||
| 500 | _aIncludes index | ||
| 942 |
_2ddc _cEN _mHAJ _h615.19 |
||
| 999 |
_c83688 _d83688 |
||